00622naa a2200193 a 450000100080000000500110000800800410001910000210006024500990008126000090018065300270018965300300021665300160024670000200026270000160028270000160029870000180031477300960033210890552013-04-16 2012 bl uuuu u00u1 u #d1 aAGUIAR, M. D. de aPotencial de uso de esp??cies arb??reas de uma fl oresta secund??ria em Lages, Santa Catarina. c2012 aFloresta de Arauc??ria aFloresta Ombr??fila Mista aflor??stica1 aSILVA, A. C. da1 aHIGUCHI, P.1 aNEGRINI, M.1 aFERT NETO, J. tRevista de Ci??ncias Agroveterin??rias. Lages, SCgv. 11, n. 3, p. 238-247, set./dez. 2012.